Elektrochemie

Gespeichert in:
Bibliographische Detailangaben
Hauptverfasser: Dvořák, Jiří, Koryta, Jiří (Verfasst von)
Format: Buch
Sprache:Tschechisch
Veröffentlicht: Praha Academia 1983
Ausgabe:Vyd. 3. dopl. a rozš.
Online-Zugang:Im OPAC anzeigen
Tags: Tag hinzufügen
Keine Tags, Fügen Sie das erste Tag hinzu!

MARC

LEADER 00000nam a2200000 a 4500
005 20260127134323.0
008 000507s1983 cs a gr 001 m cze c
035 |a vtls008458462 
035 |a SAVUKc032633 
039 9 |y 200602022359  |z VLOAD 
040 |a SAVUK  |b slo  |c SNK  |e AACR2 
041 1 |a cze 
044 |a cs  |c CS 
080 |a 541.13(075.8) 
100 1 |a Dvořák, Jiří 
245 1 0 |a Elektrochemie  |c Jiří Dvořák, Jiří Koryta 
250 |a Vyd. 3. dopl. a rozš. 
260 |a Praha  |b Academia  |c 1983 
300 |a 410 s.  |b fotogr., grafy, sch., tab 
504 |a Reg. 
700 1 |a Koryta, Jiří  |4 aut 
910 |a savuk 
999 |c 9713  |d 9713